Ночное братство: пер. с англ.; повести, рассказы

Dades bibliogràfiques
Autor principal: Лавкрафт Г. Говард
Sumari:Говард Лавкрафт. Человек, которого называли — не меньше! — Эдгаром По XX века. Создатель и магистр американской мистической «черной школы» 20-х — 30-х гг. прошлого века, школы не писателей даже — но людей, жизнью своей доказавших, что путь от нашего мира к миру Тьмы и Ужаса очень и очень короток. Перед вами — творения гениального безумца, впустившего в нашу жизнь богов и монстров ЗАПРЕДЕЛЬНОЙ ДРЕВНОСТИ — и оставившего после себя своеобразные «мемуары визионера». Творения автора, буквально собственной кровью фиксировавшего на бумаге Истину явленных ему видений. Писателя, нашедшего свою «темную дорогу» — и дерзнувшего пройти ее ДО КОНЦА!..
Idioma:rus
Publicat: Москва, АСТ, 2005
Matèries:
Format: MixedMaterials Llibre
KOHA link:https://koha.lib.tpu.ru/cgi-bin/koha/opac-detail.pl?biblionumber=111787

MARC

LEADER 00000nam0a2200000 4500
001 111787
005 20231031121014.0
010 |a 5170297580 
035 |a (RuTPU)RU\TPU\book\120740 
090 |a 111787 
100 |a 20070320d2005 m y0rusy50 ca 
101 1 |a rus  |c eng 
102 |a RU 
105 |a y z 000ay 
200 1 |a Ночное братство  |e пер. с англ.  |e повести, рассказы  |f Г. Лавкрафт 
210 |a Москва  |c АСТ  |d 2005 
215 |a 444 с. 
330 |a Говард Лавкрафт. Человек, которого называли — не меньше! — Эдгаром По XX века. Создатель и магистр американской мистической «черной школы» 20-х — 30-х гг. прошлого века, школы не писателей даже — но людей, жизнью своей доказавших, что путь от нашего мира к миру Тьмы и Ужаса очень и очень короток. Перед вами — творения гениального безумца, впустившего в нашу жизнь богов и монстров ЗАПРЕДЕЛЬНОЙ ДРЕВНОСТИ — и оставившего после себя своеобразные «мемуары визионера». Творения автора, буквально собственной кровью фиксировавшего на бумаге Истину явленных ему видений. Писателя, нашедшего свою «темную дорогу» — и дерзнувшего пройти ее ДО КОНЦА!.. 
610 1 |a американская литература 
610 1 |a повести 
610 1 |a рассказы 
610 1 |a ужасы 
675 |a 82  |v 3 
700 1 |a Лавкрафт  |b Г.  |g Говард 
801 1 |a RU  |b 63413507  |c 20070320  |g PSBO 
801 2 |a RU  |b 63413507  |c 20070329  |g PSBO 
942 |c BK